Management information systems / (Record no. 184388)
[ view plain ]
| 000 -LEADER | |
|---|---|
| fixed length control field | 00672nam a2200217Ia 4500 |
| 005 - DATE AND TIME OF LATEST TRANSACTION | |
| control field | 20220705114323.0 |
| 008 - FIXED-LENGTH DATA ELEMENTS--GENERAL INFORMATION | |
| fixed length control field | 210716s2000 xx 000 0 und d |
| 020 ## - INTERNATIONAL STANDARD BOOK NUMBER | |
| International Standard Book Number | 9788121919932 |
| 040 ## - CATALOGING SOURCE | |
| Transcribing agency | AIMIT LIBRARY |
| 041 ## - LANGUAGE CODE | |
| Language code of text/sound track or separate title | eng |
| 082 ## - DEWEY DECIMAL CLASSIFICATION NUMBER | |
| Classification number | 003.54 |
| Edition number | 1 |
| Item number | GUPA |
| 100 ## - MAIN ENTRY--PERSONAL NAME | |
| Personal name | Gupta A.S. |
| 9 (RLIN) | 47017 |
| 245 ## - TITLE STATEMENT | |
| Title | Management information systems / |
| Statement of responsibility, etc. | By A.K.Gupta |
| 250 ## - EDITION STATEMENT | |
| Edition statement | 1 |
| 260 ## - PUBLICATION, DISTRIBUTION, ETC. | |
| Place of publication, distribution, etc. | New Delhi : |
| Name of publisher, distributor, etc. | S Chand and Company Ltd , |
| Date of publication, distribution, etc. | 2000. |
| 300 ## - PHYSICAL DESCRIPTION | |
| Extent | viii,278 p. : |
| Dimensions | 25.5 cm. |
| 650 ## - SUBJECT ADDED ENTRY--TOPICAL TERM | |
| Topical term or geographic name entry element | Information systems for decision making |
| 9 (RLIN) | 47018 |
| 650 ## - SUBJECT ADDED ENTRY--TOPICAL TERM | |
| Topical term or geographic name entry element | Data Communications systems |
| 9 (RLIN) | 47019 |
| 650 ## - SUBJECT ADDED ENTRY--TOPICAL TERM | |
| Topical term or geographic name entry element | Decision support system |
| 9 (RLIN) | 47020 |
| 942 ## - ADDED ENTRY ELEMENTS (KOHA) | |
| Source of classification or shelving scheme | Dewey Decimal Classification |
| Koha item type | Book |
| Edition | 1st |
| Call number prefix | 003.54 GUPA |
| Withdrawn status | Lost status | Damaged status | Not for loan | Collection code | Home library | Current library | Date acquired | Cost, normal purchase price | Total Checkouts | Full call number | Barcode | Date last seen | Cost, replacement price | Price effective from | Koha item type |
|---|---|---|---|---|---|---|---|---|---|---|---|---|---|---|---|
| MCA | St Aloysius Institute of Management & Information Technology | St Aloysius Institute of Management & Information Technology | 07/16/2021 | 290.00 | 003.54 GUPA | MCA03896 | 07/21/2025 | 290.00 | 07/16/2021 | Book | |||||
| MCA | St Aloysius Institute of Management & Information Technology | St Aloysius Institute of Management & Information Technology | 07/16/2021 | 290.00 | 003.54 GUPA | MCA03897 | 07/21/2025 | 290.00 | 07/16/2021 | Book | |||||
| MCA | St Aloysius Institute of Management & Information Technology | St Aloysius Institute of Management & Information Technology | 07/16/2021 | 290.00 | 003.54 GUPA | MCA03899 | 07/21/2025 | 290.00 | 07/16/2021 | Book | |||||
| MCA | St Aloysius Institute of Management & Information Technology | St Aloysius Institute of Management & Information Technology | 07/16/2021 | 290.00 | 003.54 GUPA | MCA03900 | 07/21/2025 | 290.00 | 07/16/2021 | Book |